000 011330000a22002050004500
001 768714001
003 CO-MdFUSB
005 20161124150726.0
008 161124s1998 sp ||||| |||| 00| 0 eng d
022 _a0014-1437
040 _aCO-MdFUSB
_bspa
_cCO-MdFUSB
_dCO-MdFUSB
041 _aeng
100 1 _aMakujina, John
_eautor
245 1 0 _aVerbs meaning "Command" in the New Testament :
_bdetermining the factors involved in the choice of command-verbs
300 _aVolumen 56. Número 3 (1998), Páginas 357-369
_c23 cm.
520 _aLos autores del NT disponían de una serie de verbos griegos para expresar la idea de "mandar". Su criterio de selección demuestra la posible influencia de varios factores. La variables pueden obedecer a distinciones semánticas, relaciones sintagmáticas y, quizá, connotaciones socio-religiosas. En la elección de los verbos de mando se reflejan ciertas tendencias, preferencias y peculiaridades de los autores neo testamentarios.
546 _aTexto en Inglés
773 0 _tEstudios Bíblicos
_049452
_960472
_gVolumen 56. Número 3 (1998), Páginas 357-369
_qPágina 357
942 _cANA
999 _c50211
_d50211